000 01539nam a2200373 a 4500
001 000004128
003 DO-SdBNP
005 20180321142413.0
007 000004128
008 081127s2006 dr a 000 0 spa d
020 _a999341011X
040 _aBPMSU
_bspa
_cBPMSU
082 4 _a923.5
_bC117C, 2006
100 1 _aCassá, Roberto,
_d1948-
245 1 0 _aJosé María Cabral :
_bgeneral de tres guerras patrias /
_cRoberto Cassá ; ilustraciones Ramiro Manzano, José Manuel Rodríguez.
250 _a2a ed.
260 _aSanto Domingo :
_bTobogán,
_c2006.
270 _aAlfa & Omega
300 _a61 p. :
_bil.
_c21 cm.
490 0 _aBiografías dominicanas Tobogán
504 _aBiografía : p. 63
505 0 _aEl prócer -- La formación del guerrero -- Héroe de Santomé -- Con Báez -- Junto a Sánchez contra la anexión -- Héroe de la canela -- Protector -- Segunda vez presidente -- Jefe de la tercera guerra nacional -- Entrega de Salnave -- Caída de la tiranía baecista -- Los años finales -- Bibliografía.
600 _aCABRAL, JOSÉ MARIA,
_d1816-1899
650 4 _aREPÚBLICA DOMINICANA
_xHISTORIA
_d1844-1861
651 4 _aREPÚBLICA DOMINICANA
_xBIOGRAFIAS
700 1 _aManzano, Ramiro,
_eil.
700 1 _aRodríguez, José Manuel,
_eil.
830 0 _aBiografías dominicana Tobogan
942 _2ddc
_cBK
945 _aInventariado, 2017/MFF
956 _aAVARGAS
_b10
_c20090717
_lBND01
_h0927
956 _aTMEREDITH
_b10
_c20090827
_lBND01
_h0810
956 _aVMATEO
_b10
_c20110211
_lBND01
_h1334
999 _c7407
_d7407